000 00547nam a22002057a 4500
001 00007486
003 DO-SdBNP
005 20160530140510.0
007 00007486
008 160530b 2005 nyu xxu||||| |||| 00| 0 spa d
020 _a0312931158
040 _aBPMSU
_bspa
_cBPMSU
092 _axxxx
_bxxxx
100 1 _aBradley, Celeste
245 1 0 _aThe rogue /
_cCeleste Bradley.
260 _aNew York :
_bSt. Martin's Paperbacks,
_c2005
300 _a336 p. ;
_c18 cm.
942 _2ddc
_cBK
956 _2LOPEREZ
_310
_620160530
_8BPMSU
_a00041
999 _c10232
_d10232